00825nam a22001577a 4500008004100000020001500041050001800056082000800074100002700082245010900109250001200218260004400230300002100274500003700295505033500332140619b xxu||||| |||| 00| 0 eng d a9964302398 aHN832.Z9.C615 22nd aAnsu - Kyeremeh, Kwesi aCommunication, education and development: exploring an African cultural setting. /cKwasi Ansu-Keyeremeh a2nd ed. aAccra :bGhana University Press,c1997. a145 p. :c22 cm. aIncludes bibliography and index. aContents: Introduction -- Theoretical perspectives -- Group-oriented village communication --Communication channels: perceptions and attention patterns -- Indegenous communication use strategies -- Toward "indigenization" frame-work for communication in education and development -- A gender factor in indigenous communication.